Životní prostředí a sebeřízení společnosti

Salvato in:
Dettagli Bibliografici
Autore principale: Vavroušek, Josef
Natura: Libro
Lingua:ceco
Pubblicazione: Praha Institut řízení 1990
Edizione:1. vyd.
Tags: Aggiungi Tag
Nessun Tag, puoi essere il primo ad aggiungerne!!

MARC

LEADER 00000nam a2200000 4500
001 c030062
005 20221215121209.5
041 0 |a cze 
044 |a CZ 
245 1 0 |a Životní prostředí a sebeřízení společnosti  |c Josef Vavroušek 
250 |a 1. vyd. 
264 1 |a Praha  |b Institut řízení  |c 1990 
300 |a 191 s. 
100 1 |a Vavroušek, Josef